El otoño de la Edad Media : (Record no. 187355)

MARC details
000 -LEADER
campo de control de longitud fija 00930nam a2200229 i 4500
001 - NÚMERO DE CONTROL
campo de control 187355
003 - IDENTIFICADOR DE NÚMERO DE CONTROL
campo de control SpMaBN
005 - FECHA Y HORA DE LA ÚLTIMA TRANSACCIÓN
campo de control 20250702194200.0
008 - DATOS DE LONGITUD FIJA--INFORMACIÓN GENERAL
campo de control de longitud fija 170614s1945 sp f |||| | spa d
080 ## - NÚMERO DE LA CLASIFICACIÓN DECIMAL UNIVERSAL
Número de la Clasificación Decimal Universal 930.85(44)"13/14"
080 ## - NÚMERO DE LA CLASIFICACIÓN DECIMAL UNIVERSAL
Número de la Clasificación Decimal Universal 930.85(492/493)"13/14"
100 1# - ENTRADA PRINCIPAL--NOMBRE DE PERSONA
Nombre de persona Huizinga, Johan.
9 (RLIN) 64685
245 13 - MENCIÓN DEL TÍTULO
Título El otoño de la Edad Media :
Resto del título estudios sobre las formas de la vida y del espíritu durante los siglos XIV y XV en Francia y en los Países Bajos /
Mención de responsabilidad, etc. J. Huizinga.
250 ## - MENCION DE EDICION
Mención de edición 2ª ed. completa en 1 solo v.
260 ## - PUBLICACIÓN, DISTRIBUCIÓN, ETC.
Lugar de publicación, distribución, etc. Madrid :
Nombre del editor, distribuidor, etc. Revista de Occidente,
Fecha de publicación, distribución, etc. 1945 (
Fabricante Imp. Viuda de Galo Sáez)
300 ## - DESCRIPCIÓN FÍSICA
Extensión 475 p., [16] h. de lám. ;
Dimensiones 23 cm.
650 #7 - PUNTO DE ACCESO ADICIONAL DE MATERIA--TÉRMINO DE MATERIA
Término de materia o nombre geográfico como elemento de entrada Civilización medieval.
9 (RLIN) 146249
650 #4 - PUNTO DE ACCESO ADICIONAL DE MATERIA--TÉRMINO DE MATERIA
Término de materia o nombre geográfico como elemento de entrada
9 (RLIN) 241212
651 #7 - PUNTO DE ACCESO ADICIONAL DE MATERIA--NOMBRE GEOGRÁFICO
Nombre geográfico Países Bajos-
Subdivisión general Civilización.
9 (RLIN) 159817
852 ## - LOCALIZACIÓN
Ubicación ES-MaACL
Número de control de estantería L-31709
Nota libre - Enc. cart.
-- - Donat. herederos de la bibl. de Mª del Pilar Costa Palacín
Holdings
Estatus retirado Estado de pérdida Estado de daño No para préstamo Biblioteca de origen Biblioteca actual Ubicación en estantería Fecha de adquisición Fuente de adquisición Total de préstamos Signatura topográfica completa Código de barras Visto por última vez Precio de reemplazo Tipo de ítem Koha
        Biblioteca del Ateneo de Madrid Biblioteca del Ateneo de Madrid Depósito 2 14/06/2017     L-31709 1197732 23/02/2023 23/02/2023 Libro impreso